Statistics for Srbija na SP u fudbalu

Click here to take the quiz!

General Stats

  • This quiz has been taken 354 times
    (302 since last reset)
  • The average score is 54 of 94

Answer Stats

WCNoPosTeamPlayer% Correct
2018 FIFA World Cup9FWFulhamAleksandar Mitrović
94%
2022 FIFA World Cup9FWFulhamAleksandar Mitrović
94%
2022 FIFA World Cup18FWJuventusDušan Vlahović
94%
2022 FIFA World Cup20MFLazioSergej Milinković-Savić
94%
2022 FIFA World Cup13DFGetafeStefan Mitrović
94%
2018 FIFA World Cup10MFSouthamptonDušan Tadić
92%
2022 FIFA World Cup10MFAjaxDušan Tadić
92%
2022 FIFA World Cup23GKTorinoVanja Milinković-Savić
92%
2018 FIFA World Cup17MFHamburger SVFilip Kostić
86%
2022 FIFA World Cup17MFJuventusFilip Kostić
86%
2022 FIFA World Cup8MFSevillaNemanja Gudelj
86%
2018 FIFA World Cup15DFFiorentinaNikola Milenković
82%
2022 FIFA World Cup4DFFiorentinaNikola Milenković
82%
2010 FIFA World Cup1GKWigan AthleticVladimir Stojković
82%
2018 FIFA World Cup1GKPartizanVladimir Stojković
82%
2006 FIFA World Cup23GKCrvena ZvezdaVladimir Stojković
82%
2010 FIFA World Cup5DFManchester UnitedNemanja Vidić
81%
2006 FIFA World Cup5DFManchester UnitedNemanja Vidić
81%
2022 FIFA World Cup2DFRed Bull SalzburgStrahinja Pavlović
81%
2022 FIFA World Cup11FWFiorentinaLuka Jović
80%
2018 FIFA World Cup19FWEintracht FrankfurtLuka Jović
80%
2018 FIFA World Cup12GKMaccabi Tel AvivPredrag Rajković
80%
2022 FIFA World Cup12GKMallorcaPredrag Rajković
80%
2022 FIFA World Cup1GKSevillaMarko Dmitrović
77%
2018 FIFA World Cup23GKEibarMarko Dmitrović
77%
2018 FIFA World Cup20MFLazioSergej Milinković-Savić
77%
2018 FIFA World Cup11LBRomaAleksandar Kolarov
75%
2010 FIFA World Cup3LBLazioAleksandar Kolarov
75%
2022 FIFA World Cup14MFPAOKAndrija Živković
75%
2018 FIFA World Cup7MFBenficaAndrija Živković
75%
2018 FIFA World Cup6DFZenit Saint PetersburgBranislav Ivanović
71%
2010 FIFA World Cup6DFChelseaBranislav Ivanović
71%
2018 FIFA World Cup18FWCrvena ZvezdaNemanja Radonjić
70%
2022 FIFA World Cup7MFTorinoNemanja Radonjić
70%
2018 FIFA World Cup21MFManchester UnitedNemanja Matić
69%
2022 FIFA World Cup3DFCrvena ZvezdaStrahinja Eraković
69%
2018 FIFA World Cup16MFCardiff CityMarko Grujić
67%
2022 FIFA World Cup26MFPortoMarko Grujić
67%
2010 FIFA World Cup10MFInter MilanDejan Stanković
66%
2006 FIFA World Cup10MFInter MilanDejan Stanković
66%
2022 FIFA World Cup16MFTorinoSaša Lukić
66%
2022 FIFA World Cup24MFHellas VeronaIvan Ilić
65%
2006 FIFA World Cup22MFGalatasaraySaša Ilić
65%
2018 FIFA World Cup3DFBeşiktaşDuško Tošić
63%
2010 FIFA World Cup7MF1. FC KölnZoran Tošić
62%
2018 FIFA World Cup4MFCrystal PalaceLuka Milivojević
61%
2022 FIFA World Cup5DFWerder BremenMiloš Veljković
61%
2018 FIFA World Cup13DFWerder BremenMiloš Veljković
61%
2022 FIFA World Cup6MFGetafeNemanja Maksimović
58%
2010 FIFA World Cup14MFStandard LiègeMilan Jovanović
56%
2010 FIFA World Cup8FWZenit Saint PetersburgDanko Lazović
55%
2022 FIFA World Cup22MFHellas VeronaDarko Lazović
55%
2010 FIFA World Cup17MFCSKA MoscowMiloš Krasić
53%
2010 FIFA World Cup20DFBorussia DortmundNeven Subotić
53%
2010 FIFA World Cup2RB1860 MunichAntonio Rukavina
51%
2018 FIFA World Cup2RBVillarrealAntonio Rukavina
51%
2022 FIFA World Cup25DFLegia WarsawFilip Mladenović
51%
2010 FIFA World Cup15FWValenciaNikola Žigić
50%
2006 FIFA World Cup19FWCrvena ZvezdaNikola Žigić
50%
2010 FIFA World Cup23GKUnião de LeiriaAnđelko Đuričić
49%
2022 FIFA World Cup21MFSampdoriaFilip Đuričić
49%
2018 FIFA World Cup14LBCrvena ZvezdaMilan Rodić
49%
2010 FIFA World Cup9FWAjaxMarko Pantelić
45%
2022 FIFA World Cup15DFAlmeríaSrđan Babić
44%
2022 FIFA World Cup19MFBragaUroš Račić
44%
2006 FIFA World Cup8FWAtlético MadridMateja Kežman
43%
2006 FIFA World Cup9FWOsasunaSavo Milošević
41%
2006 FIFA World Cup13RBCrvena ZvezdaDušan Basta
40%
2018 FIFA World Cup8FWPAOKAleksandar Prijović
39%
2010 FIFA World Cup11MFWolverhamptonNenad Milijaš
39%
2006 FIFA World Cup4MFShakhtar DonetskIgor Duljaj
35%
2018 FIFA World Cup22MFTorinoAdem Ljajić
33%
2006 FIFA World Cup20DFSchalke 04Mladen Krstajić
32%
2006 FIFA World Cup3LBSevillaIvica Dragutinović
31%
2010 FIFA World Cup19MFPartizanRadosav Petrović
31%
2010 FIFA World Cup22MFVfB StuttgartZdravko Kuzmanović
31%
2006 FIFA World Cup14DFPartizanNenad Đorđević
30%
2006 FIFA World Cup11MFOlympiacosPredrag Đorđević
30%
2006 FIFA World Cup21FWParis Saint-GermainDanijel Ljuboja
29%
2010 FIFA World Cup4MFHertha BSCGojko Kačar
28%
2006 FIFA World Cup1GKAnkarasporDragoslav Jevrić
27%
2006 FIFA World Cup7MFPortsmouthOgnjen Koroman
26%
2010 FIFA World Cup16LBZaragozaIvan Obradović
25%
2010 FIFA World Cup13DFUdineseAleksandar Luković
24%
2006 FIFA World Cup17MFPartizanAlbert Nađ
23%
2010 FIFA World Cup21FWVojvodinaDragan Mrđa
23%
2006 FIFA World Cup6DFDynamo KyivGoran Gavrančić
23%
2010 FIFA World Cup18MFDynamo KyivMiloš Ninković
23%
2018 FIFA World Cup5DFAnderlechtUroš Spajić
23%
2006 FIFA World Cup12GKCSKA SofiaOliver Kovačević
21%
2006 FIFA World Cup2MFBaselIvan Ergić
20%
2006 FIFA World Cup15DFCrvena ZvezdaMilan Dudić
19%
2006 FIFA World Cup18MFShakhtar DonetskZvonimir Vukić
18%
2010 FIFA World Cup12GKZagłębie LubinBojan Isailović
11%

Score Distribution

Percentile by Number Answered

Percent of People with Each Score

Your Score History

You have not taken this quiz since the last reset